000 00402nam a2200121Ia 4500
008 220620s9999||||xx |||||||||||||| ||und||
245 0 _aIndependent Component Analysis for Audio and Biosignal Applications
546 _aEnglish[eng]
650 _aMedical bioinformatics
700 _aR Naik, Ganesh
856 _uhttps://mts.intechopen.com/storage/books/2715/authors_book/authors_book.pdf
942 _cEB
999 _c25148
_d25148